[Event "SRB-chT quality"]
[Site "Belgrade"]
[Date "2010.10.29"]
[Round "9"]
[White "Podinic, Bojan"]
[Black "Bozilovic, Radmilo"]
[Result "1-0"]
[WhiteElo "2256"]
[BlackElo "2094"]
[PlyCount "79"]
[EventDate "2010.10.09"]
[EventType "team-tourn"]
[EventRounds "11"]
[EventCountry "YUG"]
[SourceTitle "EXT 2011"]
[Source "ChessBase"]
[SourceDate "2010.11.26"]
[SourceVersion "1"]
[SourceVersionDate "2010.11.26"]
[SourceQuality "1"]

1. e4 c5 2. Nf3 Nc6 3. c3 Nf6 4. e5 Nd5 5. d4 cxd4 6. Bc4 e6 7. cxd4 d6 8. 0-0 dxe5 9. dxe5 Nb6 10. Bd3 Nb4 11. Bb5+ Bd7 12. Nc3 a6 13. Bxd7+ Qxd7 14. Qb3 Be7 15. Rd1 Qc7 16. Be3 N6d5 17. Rac1 Nxc3 18. Rxc3 Nc6 19. Nd4 0-0 20. f4 Rfd8 21. Rdc1 Nxd4 22. Rxc7 Nxb3 23. axb3 Bb4 24. Rxb7 Rab8 25. Ra7 Ra8 26. Rxa8 Rxa8 27. Rc4 a5 28. Kf2 h6 29. Ke2 Rd8 30. Bd4 g5 31. fxg5 hxg5 32. Be3 Rd5 33. Rg4 Rxe5 34. Rxg5+ Rxg5 35. Bxg5 Bd6 36. h3 Bc7 37. Bd2 f5 38. b4 axb4 39. Bxb4 Kf7 40. Bc5 1-0

[Event "SRB-chT quality"]
[Site "Belgrade"]
[Date "2010.10.23"]
[Round "5"]
[White "Dakic, Dejan"]
[Black "Bozilovic, Radmilo"]
[Result "1-0"]
[WhiteElo "2108"]
[BlackElo "2094"]
[PlyCount "55"]
[EventDate "2010.10.09"]
[EventType "team-tourn"]
[EventRounds "11"]
[EventCountry "YUG"]
[SourceTitle "EXT 2011"]
[Source "ChessBase"]
[SourceDate "2010.11.26"]
[SourceVersion "1"]
[SourceVersionDate "2010.11.26"]
[SourceQuality "1"]

1. e4 c5 2. Nf3 e6 3. b4 cxb4 4. d4 d5 5. Nbd2 Nc6 6. Bd3 Nf6 7. e5 Nd7 8. 0-0 Be7 9. a3 0-0 10. Re1 a6 11. h4 Rb8 12. Ng5 Bxg5 13. hxg5 g6 14. Qg4 Ne7 15. axb4 b5 16. Nf3 Nf5 17. Qh3 Qe7 18. g4 Ng7 19. Qh6 Rd8 20. Kg2 Nf8 21. Bd2 Bb7 22. Rh1 Ne8 23. Nh4 Rd7 24. f4 Ng7 25. f5 exf5 26. gxf5 Qe8 27. e6 fxe6 28. fxg6 1-0